Small Businesses. (Record no. 5702)

MARC details
000 -LEADER
fixed length control field 00794nam a22001697a 4500
008 - FIXED-LENGTH DATA ELEMENTS--GENERAL INFORMATION
fixed length control field 150813b xxu||||| |||| 00| 0 eng d
020 ## - INTERNATIONAL STANDARD BOOK NUMBER
International Standard Book Number 0421286008
050 ## - LIBRARY OF CONGRESS CALL NUMBER
Classification number KD2227.C5(2e)
100 ## - MAIN ENTRY--PERSONAL NAME
Personal name CHESTERMAN,Micheal
245 ## - TITLE STATEMENT
Title Small Businesses.
Statement of responsibility, etc. Miecheal chesterman.
250 ## - EDITION STATEMENT
Edition statement 2nd.
260 ## - PUBLICATION, DISTRIBUTION, ETC.
Place of publication, distribution, etc. London.:
Name of publisher, distributor, etc. London sweet and maxwell,
Date of publication, distribution, etc. 1982.
300 ## - PHYSICAL DESCRIPTION
Extent Viii,288pgs.
Dimensions 18cm.
500 ## - GENERAL NOTE
General note Includes index.
505 ## - FORMATTED CONTENTS NOTE
Formatted contents note Contents:Historical introduction to small business -- Small firms and legal structure -- Incorporation by small firms -- Suppliers of finance -- Insolvency and the rights of creditors -- Deadlocks and squeeze-outs -- Dismissed directors -- Periods of transition in small firms -- Changes to the legal regulation of small firms -- Appendix -- Index.
942 ## - ADDED ENTRY ELEMENTS (KOHA)
Source of classification or shelving scheme Library of Congress Classification
Koha item type Books
Holdings
Withdrawn status Lost status Source of classification or shelving scheme Damaged status Not for loan Home library Current library Shelving location Date acquired Total Checkouts Full call number Barcode Date last seen Price effective from Koha item type
    Library of Congress Classification     WISCONSIN INTERNATIONAL UNIVERSITY COLLEGE, GHANA - MAIN LIBRARY WISCONSIN INTERNATIONAL UNIVERSITY COLLEGE, GHANA - MAIN LIBRARY Law Library 13/08/2015   KD2227.C5(2e) 164/15 13/08/2015 13/08/2015 Books

If you have any concerns or questions; kindly contact the library


© Powered by WIUC ICT DIRECTORATE